[Event "Gipuzkoako Banakako Txapelketa"]
[Site "Billabonako"]
[Date "2009.11.21"]
[Round "6.4"]
[White "Maiz Lasarte, Eneko"]
[Black "Perez Oyarzabal, Urtzi"]
[Result "1-0"]
[WhiteElo "1599"]
[BlackElo "1610"]
[PlyCount "119"]
[EventDate "2009.10.17"]
[EventType "swiss"]
[EventRounds "7"]
[EventCountry "ESP"]
[SourceTitle "EXT 2024"]
[Source "ChessBase"]
[SourceDate "2023.10.10"]
[SourceVersion "1"]
[SourceVersionDate "2023.10.10"]
[SourceQuality "1"]

1. e4 e5 2. Nf3 Nc6 3. Bc4 Bc5 4. d3 d6 5. Ng5 Qf6 6. 0-0 Nh6 7. Nf3 Bg4 8. Nbd2 Nd4 9. c3 Nxf3+ 10. Nxf3 0-0 11. d4 exd4 12. Be2 dxc3 13. bxc3 Qxc3 14. Rb1 Qf6 15. Rxb7 c6 16. Bg5 Qg6 17. Bf4 Bh3 18. Nh4 Qxe4 19. Bxh6 Qxh4 20. Bc1 Be6 21. a3 Bd5 22. Be3 Bxe3 23. fxe3 Rfe8 24. Qb1 g6 25. Bf3 Bxf3 26. Rxf3 Re5 27. Qb3 d5 28. Rfxf7 Rae8 29. Rg7+ Kh8 30. Qc3 d4 31. Rxh7+ Qxh7 32. Rxh7+ Kxh7 33. Qxd4 Rxe3 34. Qxa7+ R8e7 35. Qd4 Re1+ 36. Kf2 R1e2+ 37. Kf3 R2e3+ 38. Qxe3 Rxe3+ 39. Kxe3 Kh6 40. a4 Kg5 41. Kd4 Kf5 42. Kc5 Kf4 43. a5 Ke3 44. a6 Kf2 45. a7 Kxg2 46. a8Q g5 47. Qxc6+ Kh3 48. Qe4 g4 49. Qf4 Kh4 50. Qg3+ Kg5 51. h3 Kg6 52. Qxg4+ Kf6 53. Qe4 Kg5 54. Qf3 Kg6 55. Kd5 Kg5 56. Ke5 Kg6 57. Qf6+ Kh7 58. Qg5 Kh8 59. Kf6 Kh7 60. Qg7# 1-0